[Event "N�-LL 2009/10"]
[Site "?"]
[Date "2009.11.08"]
[Round "4"]
[White "Pammer, Andreas"]
[Black "Winiwarter, Felix"]
[Result "0-1"]
[WhiteElo "2111"]
[BlackElo "2195"]
[Annotator "Bisamberg/Korneuburg : Krems"]
[PlyCount "100"]
[EventDate "2009.11.04"]
[SourceDate "2009.11.26"]

1. c4 Nf6 2. Nc3 g6 3. e4 d6 4. d4 Bg7 5. h3 O-O 6. Bg5 h6 7. Be3 e5 8. d5 c6
9. g4 cxd5 10. cxd5 a6 11. Bd3 Nbd7 12. Nge2 Nc5 13. Bc2 a5 14. Ng3 Bd7 15. Qd2
Kh7 16. f3 Ng8 17. h4 b5 18. Kf2 b4 19. Nce2 Qb6 20. Kg2 Rac8 21. g5 h5 22.
Nxh5 gxh5 23. Ng3 Ne7 24. Nxh5 Qb5 25. b3 f5 26. gxf6 Bxf6 27. Kf2 Bh8 28. Rag1
Rf7 29. Bh6 Qb6 30. Be3 Rcf8 31. Rg3 Ng6 32. Kg2 Qa6 33. Bh6 Rg8 34. Bg5 Bb5
35. Re1 Bd3 36. Bd1 Qc8 37. Re3 Ba6 38. Bc2 Qd7 39. Re1 Bc8 40. Rh1 Qe8 41. Re1
Qd7 42. Rh1 Ba6 43. Re1 Qb5 44. Rg4 Nd3 45. Bxd3 Qxd3 46. Qxd3 Bxd3 47. Rc1 Be2
48. Rg3 Bxf3+ 49. Rxf3 Nxh4+ 50. Kg3 Nxf3 0-1

[Event "N�-LL 2009/10"]
[Site "?"]
[Date "2009.11.08"]
[Round "4"]
[White "J�nger, Heinz"]
[Black "Wetscherek, Gerhard"]
[Result "0-1"]
[WhiteElo "2094"]
[BlackElo "2136"]
[Annotator "Bisamberg/Korneuburg : Krems"]
[PlyCount "74"]
[EventDate "2009.11.04"]
[SourceDate "2009.11.26"]

1. e4 d6 2. d4 g6 3. Nc3 Bg7 4. Nf3 Bg4 5. Be3 c6 6. h3 Bxf3 7. Qxf3 Qc7 8. Bc4
Nf6 9. O-O O-O 10. Bb3 Nbd7 11. Rad1 b5 12. Ne2 a5 13. c3 e5 14. Ng3 h6 15. Qe2
a4 16. Bc2 d5 17. dxe5 Nxe5 18. f4 Nc4 19. Bc1 Nxe4 20. Nxe4 dxe4 21. Bxe4 f5
22. Bd3 Nd6 23. a3 Rfe8 24. Qf2 Ne4 25. Bxe4 Rxe4 26. Rfe1 Rae8 27. Rxe4 Rxe4
28. Re1 Qe7 29. Rxe4 Qxe4 30. Be3 Bf6 31. Qd2 Kf7 32. Qd7+ Qe7 33. Qd3 Qd8 34.
Qe2 Qd5 35. Bf2 Be7 36. Bd4 Bd6 37. g3 Qe6 {Zeit} 0-1

[Event "N�-LL 2009/10"]
[Site "?"]
[Date "2009.11.08"]
[Round "4"]
[White "Kretschy, Erich"]
[Black "Gruszka, Herbert"]
[Result "1/2-1/2"]
[WhiteElo "1988"]
[BlackElo "1995"]
[Annotator "Bisambergorneuburg : Krems"]
[PlyCount "124"]
[EventDate "2009.11.04"]
[SourceDate "2009.11.29"]

1. d4 d5 2. c4 c6 3. Nf3 Nf6 4. Nc3 Bf5 5. e3 Nbd7 6. cxd5 cxd5 7. Bb5 a6 8.
Bxd7+ Bxd7 9. O-O Bg4 10. Qd3 Bxf3 11. gxf3 e6 12. Ne2 Be7 13. Bd2 O-O 14. Kh1
Nh5 15. Ng3 Nxg3+ 16. fxg3 Qb6 17. b3 Rac8 18. Rfc1 h6 19. Rc2 Rxc2 20. Qxc2
Qb5 21. Re1 Bd6 22. Kg2 Rd8 23. Kf2 h5 24. h3 Qd7 25. Kg2 Rc8 26. Qd3 Rc6 27.
Re2 Qc7 28. Be1 Rc1 29. Qd2 b6 30. f4 a5 31. Qd3 Rc6 32. Kf3 f5 33. g4 Qf7 34.
Rg2 hxg4+ 35. hxg4 g6 36. gxf5 exf5 37. Qb5 Rc1 38. Bd2 Rc8 39. Qxb6 Qe6 40.
Qxa5 Kf7 41. Qa7+ Rc7 42. Qa5 Kf6 43. Kf2 Kf7 44. Kg1 Rc8 45. Rf2 Rc2 46. Kf1
Rc7 47. Qb5 Qe4 48. Qa5 Qd3+ 49. Kg1 Qb1+ 50. Be1 Qe4 51. Qd2 Re7 52. b4 Qxe3
53. Qxe3 Rxe3 54. Kf1 Re4 55. Bd2 Rxd4 56. b5 Bc5 57. Re2 Ra4 58. Re5 Rxa2 59.
Rxd5 Bb6 60. Rd6 Bc5 61. Rc6 Rxd2 62. Rxc5 Rb2 1/2-1/2

[Event "N�-LL 2009/10"]
[Site "?"]
[Date "2009.11.08"]
[Round "4"]
[White "Vykydal, Frantisek"]
[Black "Lendwai, Reinhard"]
[Result "1/2-1/2"]
[WhiteElo "2213"]
[BlackElo "2415"]
[Annotator "Baden : Zwettl"]
[PlyCount "95"]
[EventDate "2009.11.04"]
[SourceDate "2009.11.29"]

1. e4 d5 2. Nc3 dxe4 3. Nxe4 Qd5 4. d3 Nc6 5. Nf3 Nf6 6. Nc3 Qd6 7. Bd2 g6 8.
Be2 Bg7 9. Qc1 O-O 10. Bh6 e5 11. Bxg7 Kxg7 12. O-O Re8 13. Ne4 Qe7 14. Nxf6
Qxf6 15. Re1 Bf5 16. Ng5 Nd4 17. Ne4 Qc6 18. c3 Nxe2+ 19. Rxe2 Rad8 20. Qe3 b6
21. f3 Qd5 22. g4 Bc8 23. g5 Re6 24. Qf2 Rh8 25. Re3 h6 26. h4 hxg5 27. hxg5
Re7 28. Nf6 Qe6 29. Rae1 Qf5 30. Qg3 Rh3 31. Qg4 Qxg4+ 32. fxg4 Rh8 33. Rxe5
Rxe5 34. Rxe5 Be6 35. a3 Rh3 36. d4 c6 37. Re2 Rd3 38. Kf2 b5 39. Ke1 Kf8 40.
Rh2 Ke7 41. Rh8 Bc4 42. Ra8 Re3+ 43. Kf2 Re2+ 44. Kg3 Rxb2 45. Rxa7+ Ke6 46.
Rc7 Kd6 47. Ne8+ Ke6 48. Nf6 1/2-1/2

[Event "N�-LL 2009/10"]
[Site "?"]
[Date "2009.11.08"]
[Round "4"]
[White "Geismann, Bernhard"]
[Black "Mlynek, Petr"]
[Result "1-0"]
[WhiteElo "2055"]
[BlackElo "2189"]
[Annotator "Baden : Zwettl"]
[PlyCount "57"]
[EventDate "2009.11.04"]
[SourceDate "2009.11.29"]

1. e4 c6 2. Nc3 d5 3. f4 d4 4. Nce2 c5 5. Ng3 Nf6 6. Bb5+ Bd7 7. Bxd7+ Qxd7 8.
Nf3 Nc6 9. d3 e6 10. a4 Be7 11. Ne5 Qc7 12. Nc4 O-O 13. O-O b6 14. Qe2 a6 15.
e5 Nd5 16. f5 b5 17. f6 bxc4 18. Qg4 g6 19. fxe7 Ncxe7 20. Bh6 Rfe8 21. Qg5 Nc6
22. dxc4 Ne3 23. Qf6 Qxe5 24. Qxf7+ Kh8 25. Rf6 Rg8 26. Rxe6 Nd8 27. Qxg8+ Kxg8
28. Rxe5 Nf7 29. Rxe3 1-0

[Event "N�-LL 2009/10"]
[Site "?"]
[Date "2009.11.08"]
[Round "4"]
[White "Pakosta, Miroslav"]
[Black "Spalt, Bernhard"]
[Result "1-0"]
[WhiteElo "2153"]
[BlackElo "1983"]
[Annotator "Baden : Zwettl"]
[PlyCount "83"]
[EventDate "2009.11.04"]
[SourceDate "2009.11.29"]

1. e4 d6 2. d4 Nf6 3. Nc3 g6 4. Bg5 Bg7 5. e5 dxe5 6. dxe5 Ng4 7. Qxd8+ Kxd8 8.
Nf3 c6 9. Bc4 Ke8 10. Bf4 Nd7 11. e6 fxe6 12. Bxe6 Nde5 13. Bxc8 Rxc8 14. Nxe5
Bxe5 15. Bxe5 Nxe5 16. O-O-O Rf8 17. Rhe1 Nd7 18. Ne4 Rb8 19. f3 e5 20. Ng5 h6
21. Ne4 g5 22. Nc5 Nxc5 23. Rxe5+ Kf7 24. Rxc5 Rbd8 25. Rf5+ Ke6 26. Rxf8 Rxf8
27. Re1+ Kd6 28. Kd2 Rf5 29. c4 b5 30. Re4 a6 31. Kc3 c5 32. a3 h5 33. b3 h4
34. h3 Kd7 35. cxb5 axb5 36. a4 bxa4 37. bxa4 Kc6 38. Kc4 Kb6 39. Re6+ Ka5 40.
Rc6 Rf4+ 41. Kxc5 Kxa4 42. Rd6 1-0

[Event "N�-LL 2009/10"]
[Site "?"]
[Date "2009.11.08"]
[Round "4"]
[White "Cika, Agron"]
[Black "Wagner, Stefan"]
[Result "0-1"]
[WhiteElo "1911"]
[BlackElo "2082"]
[Annotator "Baden : Zwettl"]
[PlyCount "96"]
[EventDate "2009.11.04"]
[SourceDate "2009.11.29"]

1. d4 Nf6 2. c4 e6 3. Nf3 d5 4. Nc3 c6 5. e3 Bd6 6. Qc2 Nbd7 7. Bd3 O-O 8. e4
dxc4 9. Bxc4 e5 10. d5 Nb6 11. Bd3 cxd5 12. exd5 Nbxd5 13. Nxd5 Nxd5 14. O-O
Nf6 15. Bg5 h6 16. Bh4 Bg4 17. Qe2 Bh5 18. Rad1 Qe7 19. Bxf6 Qxf6 20. Be4 Rab8
21. Rd5 b6 22. Qa6 Qe7 23. Qd3 Rbd8 24. Rd1 Bc7 25. Rd7 Rxd7 26. Qxd7 Rd8 27.
Qa4 Rxd1+ 28. Qxd1 Qd6 29. Qc1 Bg4 30. h3 Be6 31. Nh4 Qd7 32. Qc2 Bd8 33. Nf5
Bf6 34. Ne3 g6 35. b3 Bg7 36. g4 Qd4 37. Kg2 a5 38. Qc6 Bd7 39. Qc4 b5 40. Qd5
Qxd5 41. Nxd5 Kf8 42. Nb6 Be6 43. Bc6 a4 44. bxa4 bxa4 45. a3 Kg8 46. Nd7 Bb3
47. Nc5 Bf8 48. Bxa4 Bd5+ 0-1

[Event "N�-LL 2009/10"]
[Site "?"]
[Date "2009.11.22"]
[Round "5"]
[White "Roman, Liviu-Valeriu"]
[Black "Stadler, Peter"]
[Result "0-1"]
[WhiteElo "2016"]
[BlackElo "2160"]
[Annotator "Wr.Neustadt : Zwettl"]
[PlyCount "100"]
[EventDate "2009.11.22"]
[SourceDate "2009.11.22"]

1. e4 c5 2. Nf3 Nf6 3. e5 Nd5 4. c3 Nc6 5. Bc4 Nb6 6. Bb3 e6 7. O-O d5 8. d4
Be7 9. Bc2 Qc7 10. Re1 Nd7 11. Bg5 f6 12. exf6 Nxf6 13. dxc5 O-O 14. b4 a6 15.
Bh4 Qd8 16. Nbd2 Nh5 17. Bxe7 Qxe7 18. Ne5 Nf4 19. Nxc6 bxc6 20. Nf3 a5 21. g3
Nh3+ 22. Kg2 e5 23. Rxe5 Qf6 24. Qd3 g6 25. Qe3 axb4 26. Bb3 Bg4 27. Bd1 Ra3
28. Qd4 Bxf3+ 29. Bxf3 Qxf3+ 30. Kxh3 Qxc3 31. Qxc3 bxc3 32. Re3 Rxf2 33. Rc1
d4 34. Rd3 Rd2 35. Rxd2 cxd2 36. Rd1 Rxa2 37. Kg4 Rc2 38. Kf3 Rxc5 39. Rxd2 Rd5
40. Ke4 d3 41. Rxd3 Rxd3 42. Kxd3 Kf7 43. Kd4 Ke6 44. Kc5 Kd7 45. h3 h6 46. h4
h5 47. Kd4 Ke6 48. Ke4 c5 49. Kf4 c4 50. Ke4 c3 0-1

[Event "N�-LL 2009/10"]
[Site "?"]
[Date "2009.11.22"]
[Round "5"]
[White "Todor, Razvan"]
[Black "Mlynek, Petr"]
[Result "1-0"]
[WhiteElo "2167"]
[BlackElo "2189"]
[Annotator "Wr.Neustadt : Zwettl"]
[PlyCount "57"]
[EventDate "2009.11.22"]
[SourceDate "2009.11.22"]

1. e4 c6 2. c4 d5 3. exd5 cxd5 4. cxd5 a6 5. Nc3 Nf6 6. Qa4+ Nbd7 7. d4 g6 8.
g3 Bg7 9. Bg2 O-O 10. Nge2 b5 11. Qb3 Ra7 12. a4 bxa4 13. Rxa4 Bb7 14. Rb4 Qa8
15. O-O a5 16. Rb5 Rc8 17. Re1 Ne8 18. Bf4 g5 19. Bxg5 Nd6 20. Bxe7 Nxb5 21.
Nxb5 Ra6 22. Nd6 Rb8 23. Nxf7 Kxf7 24. d6+ Ke8 25. Qg8+ Bf8 26. Bxf8 Nxf8 27.
Nc3+ Kd8 28. Qxf8+ Kd7 29. Re7+ 1-0

[Event "N�-LL 2009/10"]
[Site "?"]
[Date "2009.11.22"]
[Round "5"]
[White "Vykydal, Frantisek"]
[Black "Wiedner, Robert"]
[Result "0-1"]
[WhiteElo "2213"]
[BlackElo "2177"]
[Annotator "Wr.Neustadt : Zwettl"]
[PlyCount "104"]
[EventDate "2009.11.22"]
[SourceDate "2009.11.22"]

1. e4 c5 2. Nc3 Nc6 3. g3 g6 4. Bg2 Bg7 5. d3 d6 6. Be3 e5 7. Qd2 Be6 8. f4 Nd4
9. Nf3 Ne7 10. O-O O-O 11. fxe5 dxe5 12. Bh6 f6 13. Bxg7 Kxg7 14. Rf2 Qd7 15.
Raf1 b5 16. a3 a5 17. Nxd4 cxd4 18. Ne2 Ng8 19. c3 Bg4 20. Kh1 Rfd8 21. Rc1 Ra7
22. c4 Rc8 23. b3 Be6 24. cxb5 Rxc1+ 25. Nxc1 Qxb5 26. Qb2 Rb7 27. Qd2 Rc7 28.
Rf1 Rc3 29. b4 axb4 30. axb4 Qxb4 31. Ne2 Rb3 32. Qxb4 Rxb4 33. Ra1 Ne7 34. Bf3
Rb3 35. Nc1 Rb2 36. Be2 f5 37. Kg1 f4 38. gxf4 exf4 39. Bf3 g5 40. Ne2 Rb4 41.
Ra6 Bh3 42. Kf2 Ng6 43. Ra7+ Kh6 44. Ra5 g4 45. Ng1 Rb2+ 46. Ke1 Rb1+ 47. Bd1
Bf1 48. h3 Bxd3 49. hxg4 Bc2 50. g5+ Kg7 51. Ne2 Rxd1+ 52. Kf2 Bxe4 0-1

[Event "N�-LL 2009/10"]
[Site "?"]
[Date "2009.11.22"]
[Round "5"]
[White "Vyskocil, Neklan"]
[Black "Schroll, Gerhard"]
[Result "1-0"]
[WhiteElo "2357"]
[BlackElo "2387"]
[Annotator "Wr.Neustadt : Zwettl"]
[PlyCount "127"]
[EventDate "2009.??.??"]

1. d4 d5 2. c4 e6 3. Nc3 Nf6 4. Nf3 Be7 5. e3 O-O 6. Bd3 dxc4 7. Bxc4 c5 8. O-O
Nc6 9. a3 a6 10. dxc5 Qxd1 11. Rxd1 Bxc5 12. b4 Ba7 13. Bb2 b5 14. Bd3 Bb7 15.
Ne4 Nxe4 16. Bxe4 Rfd8 17. Ne5 Na5 18. Bxb7 Nxb7 19. Nc6 Rxd1+ 20. Rxd1 Bb6 21.
g3 h5 22. Kg2 Nd8 23. Ne5 Bc7 24. Nf3 Kf8 25. Kh3 a5 26. Kh4 axb4 27. axb4 Nc6
28. Kxh5 Bd8 29. Nd4 Nxd4 30. Bxd4 Be7 31. Kg4 Ra4 32. Rc1 Bxb4 33. Rc8+ Ke7
34. Kf3 Ra2 35. Rc7+ Kf8 36. e4 Bd6 37. Rc8+ Ke7 38. Bxg7 e5 39. Rc1 Kd7 40.
Rd1 Ke6 41. h4 Bc5 42. Rh1 Rxf2+ 43. Kg4 Re2 44. h5 Rxe4+ 45. Kh3 f5 46. h6 Kf7
47. Kg2 Re2+ 48. Kf1 Rf2+ 49. Ke1 Ra2 50. Rh4 Bf2+ 51. Kf1 Bxg3 52. Rh3 Ra1+
53. Ke2 Ra2+ 54. Kd1 Rh2 55. Rxg3 e4 56. Rg5 Ke6 57. Rg6+ Kd5 58. Rf6 b4 59.
Rxf5+ Kc4 60. Rf8 Kd3 61. Rd8+ Ke3 62. Bd4+ Kf4 63. Rf8+ Kg4 64. Rh8 1-0

[Event "N�-LL 2009/10"]
[Site "?"]
[Date "2009.11.22"]
[Round "5"]
[White "Bawart, Markus"]
[Black "Mahdy, Khaled"]
[Result "1/2-1/2"]
[WhiteElo "2357"]
[BlackElo "2376"]
[Annotator "Krems : Baden"]
[PlyCount "49"]
[EventDate "2009.11.04"]
[SourceDate "2009.11.29"]

1. e4 e5 2. Nf3 Nc6 3. Bb5 a6 4. Ba4 d6 5. c3 Bd7 6. O-O g6 7. d4 Bg7 8. d5 Nb8
9. Bxd7+ Nxd7 10. c4 Ne7 11. Nc3 h6 12. Ne1 O-O 13. Nd3 Qe8 14. Qg4 f5 15. Qh3
f4 16. Bd2 Nf6 17. c5 Kh8 18. cxd6 cxd6 19. Qe6 Qd7 20. Qxd7 Nxd7 21. f3 Rfc8
22. Rfc1 Ng8 23. Ne2 Ngf6 24. Rxc8+ Rxc8 25. Rc1 1/2-1/2

[Event "N�-LL 2009/10"]
[Site "?"]
[Date "2009.11.22"]
[Round "5"]
[White "Winiwarter, Felix"]
[Black "Perndl, Johann"]
[Result "0-1"]
[WhiteElo "2195"]
[BlackElo "2036"]
[Annotator "Krems : Baden"]
[PlyCount "62"]
[EventDate "2009.11.04"]
[SourceDate "2009.11.29"]

1. e4 g6 2. d4 Bg7 3. Nc3 Nc6 4. Nf3 e5 5. Bg5 f6 6. Be3 exd4 7. Nxd4 Nh6 8.
Bc4 Na5 9. Be2 O-O 10. O-O Nf7 11. f4 d6 12. Bd3 Re8 13. b4 Nc6 14. b5 Nxd4 15.
Bxd4 c6 16. Rb1 c5 17. Bf2 f5 18. Be1 fxe4 19. Bc4 Be6 20. Nd5 e3 21. Be2 Rc8
22. c4 Bd4 23. Bc3 Bxd5 24. Bxd4 cxd4 25. cxd5 Qf6 26. Rb4 Re4 27. Qd3 Rxf4 28.
Rd1 Ne5 29. Qb1 Rf2 30. Rb2 d3 31. Rc1 Rf8 0-1

[Event "N�-LL 2009/10"]
[Site "?"]
[Date "2009.11.22"]
[Round "?"]
[White "Schmoll, Arnold"]
[Black "W�ber, Friedrich"]
[Result "0-1"]
[WhiteElo "1936"]
[BlackElo "2158"]
[Annotator "Krems : Baden"]
[PlyCount "86"]
[EventDate "2009.11.04"]
[SourceDate "2009.11.29"]

1. Nf3 Nf6 2. g3 b5 3. Bg2 Bb7 4. b3 c5 5. c4 a6 6. O-O e6 7. cxb5 axb5 8. d4
c4 9. bxc4 bxc4 10. Nc3 Qa5 11. Bd2 Bb4 12. Qc2 Qa6 13. Rfb1 Bxc3 14. Qxc3 Ne4
15. Qc2 Nxd2 16. Rxb7 Qxb7 17. Nxd2 d5 18. Nxc4 O-O 19. e3 Rc8 20. Qd3 Nd7 21.
a4 dxc4 22. Bxb7 cxd3 23. Bxa8 Rxa8 24. Kf1 Ra5 25. Ke1 Kf8 26. Kd2 Nb6 27.
Kxd3 Rxa4 28. Rxa4 Nxa4 29. f3 Nb6 30. h4 Ke7 31. g4 g6 32. e4 f5 33. Kc3 fxg4
34. fxg4 Kd6 35. g5 e5 36. dxe5+ Kxe5 37. Kd3 Nd7 38. Ke3 Nc5 39. Kf3 Nxe4 40.
Kg4 Nd6 41. h5 Ke4 42. Kh3 Kf5 43. Kh4 Ne4 0-1

[Event "N�-LL 2009/10"]
[Site "?"]
[Date "2009.11.22"]
[Round "5"]
[White "Fr�wis, Georg"]
[Black "Rumpl, Erwin"]
[Result "1-0"]
[WhiteElo "2216"]
[BlackElo "2304"]
[Annotator "Amstetten:Bisamberg/Korneuburg"]
[PlyCount "111"]
[EventDate "2009.11.22"]
[SourceDate "2009.11.22"]

1. c4 c6 2. e4 d5 3. exd5 cxd5 4. cxd5 Nf6 5. Nc3 Nxd5 6. Nf3 Nc6 7. Bb5 Nxc3
8. bxc3 Bd7 9. O-O e6 10. d4 Be7 11. Bd3 O-O 12. Rb1 b6 13. Re1 Bf6 14. Bf4 Bc8
15. Qd2 Bb7 16. Ng5 g6 17. Ne4 Be7 18. Re3 f5 19. Nc5 Bxc5 20. dxc5 Qd5 21. Qe2
Ne5 22. f3 Nxd3 23. Rxd3 Qxc5+ 24. Be3 Qe7 25. Rd2 Rad8 26. Rbd1 Rxd2 27. Rxd2
e5 28. Qb5 Bc8 29. Bh6 Re8 30. Bg5 Qc5+ 31. Qxc5 bxc5 32. Be3 Be6 33. Bxc5 a6
34. a4 e4 35. fxe4 fxe4 36. Kf2 Bf5 37. Ke3 Kf7 38. Rd6 Bc8 39. Rc6 h5 40. Rc7+
Kf6 41. Bd4+ Kf5 42. Rf7+ Kg5 43. Bf6+ Kg4 44. Be7 Bf5 45. c4 Rc8 46. c5 Rg8
47. c6 h4 48. c7 Rc8 49. Rh7 Bd7 50. Bd8 Bc6 51. Rxh4+ Kf5 52. Rf4+ Ke5 53. a5
Ra8 54. Rf6 Bd7 55. Rxg6 Ra7 56. Rb6 1-0

[Event "N�-LL 2009/10"]
[Site "?"]
[Date "2009.11.22"]
[Round "5"]
[White "Gugler, Edgar"]
[Black "Reinwald, Patrick"]
[Result "0-1"]
[WhiteElo "2139"]
[BlackElo "2096"]
[Annotator "Amstetten:Bisamberg/Korneuburg"]
[PlyCount "92"]
[EventDate "2009.11.22"]
[SourceDate "2009.11.22"]

1. d4 Nf6 2. Nf3 e6 3. e3 b6 4. Bd3 Bb7 5. Nbd2 d6 6. O-O Be7 7. b3 O-O 8. Bb2
Nbd7 9. c4 c5 10. Qe2 Qc7 11. Rfd1 Rfe8 12. Rac1 Rac8 13. Bb1 Qb8 14. dxc5 Nxc5
15. Nf1 d5 16. Ne5 Qa8 17. Ng4 dxc4 18. Nxf6+ Bxf6 19. Bxf6 gxf6 20. Rxc4 Kf8
21. b4 Ne4 22. Rd7 Bc6 23. Rdd4 f5 24. f3 Ng5 25. Nd2 Ke7 26. h4 e5 27. Rd3 e4
28. fxe4 Nxe4 29. Nxe4 Bxe4 30. Rd1 Bxg2 31. Qd2 Red8 32. Rd4 Rg8 33. Rd7+ Ke8
34. Re7+ Kxe7 35. Qd6+ Ke8 36. Qe5+ Kf8 37. Qd6+ Ke8 38. Qe5+ Kf8 39. Qd6+ Kg7
40. Qe5+ Kh6 41. Rd6+ Rg6 42. Qf4+ Kg7 43. Qe5+ Kg8 44. h5 Bh3+ 45. Rxg6+ hxg6
46. e4 Qb8 0-1

[Event "N�-LL 2009/10"]
[Site "?"]
[Date "2009.11.22"]
[Round "5"]
[White "Trkulja, Zoran"]
[Black "Wadsack, Wolfgang"]
[Result "1/2-1/2"]
[WhiteElo "2184"]
[BlackElo "2185"]
[Annotator "Amstetten:Bisamberg/Korneuburg"]
[PlyCount "33"]
[EventDate "2009.11.22"]
[SourceDate "2009.11.22"]

1. e4 d5 2. exd5 Nf6 3. Nc3 Nxd5 4. Qf3 e6 5. Bc4 Nb6 6. Bb3 Nc6 7. Nge2 Qf6 8.
Qxf6 gxf6 9. Nb5 Bd6 10. Nxd6+ cxd6 11. c3 e5 12. O-O Be6 13. Bc2 Rc8 14. d3 h5
15. f4 h4 16. Bd2 Rg8 17. a3 1/2-1/2

[Event "N�-LL 2009/10"]
[Site "?"]
[Date "2009.11.22"]
[Round "5"]
[White "Wadsack, Winfried"]
[Black "Wetscherek, Gerhard"]
[Result "1/2-1/2"]
[WhiteElo "2113"]
[BlackElo "2136"]
[Annotator "Amstetten:Bisamberg/Korneuburg"]
[PlyCount "94"]
[EventDate "2009.11.22"]
[SourceDate "2009.11.22"]

1. e4 d6 2. d4 g6 3. Nc3 c6 4. f3 Bg7 5. Be3 Qc7 6. Qd2 b5 7. Bd3 a6 8. Nge2
Nd7 9. O-O Ngf6 10. Bh6 O-O 11. Bxg7 Kxg7 12. f4 Nb6 13. e5 Nfd5 14. Ne4 f5 15.
exf6+ exf6 16. b3 f5 17. N4g3 Nf6 18. c4 bxc4 19. bxc4 Be6 20. Rfc1 d5 21. c5
Nbd7 22. Rab1 Ne4 23. Qe1 a5 24. Rb2 Rfb8 25. Rcb1 Rxb2 26. Rxb2 Nf8 27. Qb1
Bc8 28. Nf1 Nd7 29. g3 Rb8 30. Bxe4 fxe4 31. Nd2 Rxb2 32. Qxb2 Ba6 33. Kf2 Bd3
34. a4 Nf6 35. Nc1 Qe7 36. Nf1 Ng4+ 37. Kg1 Bxf1 38. Kxf1 Ne3+ 39. Ke1 Nc4 40.
Qc3 Qd7 41. Nb3 Qh3 42. Nd2 Qxh2 43. Nxc4 Qg1+ 44. Ke2 Qg2+ 45. Ke1 Qg1+ 46.
Ke2 Qg2+ 47. Ke1 Qg1+ 1/2-1/2

[Event "N�-LL 2009/10"]
[Site "?"]
[Date "2009.11.22"]
[Round "5"]
[White "Danner, Georg"]
[Black "Hansen, Kay"]
[Result "1-0"]
[WhiteElo "2415"]
[BlackElo "2235"]
[Annotator "Niederabsdorf : Schwarzatal"]
[PlyCount "68"]
[EventDate "2009.11.04"]
[SourceDate "2009.11.29"]

1. d4 d5 2. Nf3 c6 3. c4 Nf6 4. e3 g6 5. Nc3 Bg7 6. Bd3 O-O 7. O-O Bg4 8. h3
Bxf3 9. Qxf3 e6 10. Rd1 Nbd7 11. b3 Re8 12. Bb2 Qe7 13. Rd2 e5 14. Bf1 exd4 15.
exd4 Qb4 16. Rad1 dxc4 17. bxc4 Nb6 18. Qd3 Rad8 19. Ba1 Qe7 20. Qb1 Rd7 21. a4
Qd8 22. a5 Nc8 23. a6 b6 24. d5 Ne7 25. Qa2 Qc8 26. dxc6 Rxd2 27. Qxd2 Nxc6 28.
Nd5 Nd7 29. Bxg7 Kxg7 30. Qc3+ f6 31. g4 h6 32. h4 Ne7 33. g5 hxg5 34. hxg5 Qc6
{Rest nicht lesbar} 1-0

[Event "N�-LL 2009/10"]
[Site "?"]
[Date "2009.11.22"]
[Round "5"]
[White "P�tz, Florian"]
[Black "Roth, Peter"]
[Result "1-0"]
[WhiteElo "2333"]
[BlackElo "2219"]
[Annotator "Niederabsdorf : Schwarzatal"]
[PlyCount "23"]
[EventDate "2009.11.04"]
[SourceDate "2009.11.29"]

1. e4 e6 2. d4 d5 3. Nc3 Nf6 4. e5 Ne4 5. Nxe4 dxe4 6. Bc4 a6 7. Ne2 b5 8. Bb3
Bb7 9. O-O c5 10. c3 Nc6 11. Be3 cxd4 12. cxd4 {Rest nicht lesbar} 1-0

[Event "N�-LL 2009/10"]
[Site "?"]
[Date "2009.11.22"]
[Round "5"]
[White "Weinwurm, Wolfgang"]
[Black "Teuber, Andreas"]
[Result "1-0"]
[WhiteElo "2125"]
[BlackElo "2154"]
[Annotator "Niederabsdorf : Schwarzatal"]
[PlyCount "42"]
[EventDate "2009.11.04"]
[SourceDate "2009.11.29"]

1. e4 d6 2. d4 Nf6 3. Nc3 g6 4. Be3 c6 5. f3 b5 6. Qd2 Nbd7 7. g4 Nb6 8. h4 h5
9. g5 Nfd7 10. d5 cxd5 11. Bd4 Rg8 12. Bxb5 dxe4 13. fxe4 Qc7 14. O-O-O a6 15.
Bxb6 Qxb6 16. Nd5 Qb8 17. Bc6 Ra7 18. Rh3 Bb7 19. Rb3 Qc8 20. Qe3 Qb8 21. e5
Bg7 1-0

[Event "N�-LL 2009/10"]
[Site "?"]
[Date "2009.11.22"]
[Round "5"]
[White "Schwarhofer, Christopher"]
[Black "Degen, Gerhard"]
[Result "1-0"]
[WhiteElo "2230"]
[BlackElo "2091"]
[Annotator "Niederabsdorf : Schwarzatal"]
[PlyCount "49"]
[EventDate "2009.11.04"]
[SourceDate "2009.11.29"]

1. e4 c6 2. d4 d5 3. Nc3 dxe4 4. Nxe4 Bf5 5. Ng3 Bg6 6. h4 h6 7. Nf3 Nd7 8. h5
Bh7 9. Bd3 Bxd3 10. Qxd3 e6 11. Bf4 Bb4+ 12. c3 Be7 13. Ne4 Ndf6 14. Nxf6+ Nxf6
15. Ne5 Qd5 16. f3 Rd8 17. g4 Bd6 18. Ke2 Qa5 19. Nc4 Nd5 20. Bxd6 Rxd6 21.
Nxd6+ Ke7 22. Nc4 Nf4+ 23. Kd2 Qa6 24. Qe4 Nd5 25. Ne3 1-0

[Event "N�-LL 2009/10"]
[Site "?"]
[Date "2009.11.15"]
[Round "5"]
[White "Schirmbeck, Hannes"]
[Black "Dornauer, Joachim"]
[Result "1/2-1/2"]
[WhiteElo "2177"]
[BlackElo "2094"]
[Annotator "Stockerau-B�hlerwerk"]
[PlyCount "21"]
[EventDate "2009.11.22"]
[SourceDate "2009.11.22"]

1. e4 c5 2. Nf3 d6 3. Bb5+ Bd7 4. Bxd7+ Qxd7 5. O-O Nc6 6. Re1 Nf6 7. c3 e6 8.
d4 cxd4 9. cxd4 d5 10. e5 Ne4 11. Nbd2 1/2-1/2

[Event "N�-LL 2009/10"]
[Site "?"]
[Date "2009.11.15"]
[Round "5"]
[White "Neumann, Christian"]
[Black "Schmid, Thomas"]
[Result "0-1"]
[WhiteElo "1971"]
[BlackElo "2196"]
[Annotator "Stockerau-B�hlerwerk"]
[PlyCount "150"]
[EventDate "2009.11.22"]
[SourceDate "2009.11.22"]

1. e4 c5 2. Nc3 e6 3. g3 d5 4. d3 dxe4 5. Nxe4 Bd7 6. Bg2 Bc6 7. Nf3 Nd7 8. O-O
Ngf6 9. Qe2 Be7 10. Bg5 Nxe4 11. Bxe7 Nxg3 12. fxg3 Qxe7 13. Rae1 O-O 14. Bh3
Rad8 15. Rf2 Bxf3 16. Qxf3 Nb8 17. Qh5 Nc6 18. Bg2 g6 19. Qh6 Rd6 20. Qe3 b6
21. c3 Qd7 22. Ref1 Ne7 23. Rd1 Nf5 24. Qe4 h5 25. Bf1 Qd8 26. Qf4 Rd5 27. Rfd2
Qd6 28. Qxd6 Rxd6 29. Kf2 Kg7 30. Bg2 Rfd8 31. a3 e5 32. h3 f6 33. Bb7 c4 34.
Ba6 cxd3 35. Rxd3 Kf7 36. g4 hxg4 37. hxg4 Rxd3 38. Bxd3 Nd6 39. Rh1 Kg7 40.
Ke3 Rf8 41. c4 f5 42. b4 e4 43. c5 exd3 44. cxd6 fxg4 45. Rg1 Rd8 46. Kxd3
Rxd6+ 47. Ke3 b5 48. Rxg4 Ra6 49. Kd4 Rxa3 50. Kc5 a6 51. Rd4 Kh6 52. Kd5 g5
53. Ke5 Kh5 54. Rd1 g4 55. Kf5 Rf3+ 56. Ke4 Kh4 57. Rh1+ Kg3 58. Rg1+ Kh3 59.
Rb1 Rf2 60. Ra1 Rb2 61. Rxa6 Rxb4+ 62. Ke3 g3 63. Rg6 Rg4 64. Rh6+ Kg2 65. Rc6
Rg8 66. Rc5 Re8+ 67. Kf4 Kf2 68. Rxb5 g2 69. Rb2+ Re2 70. Rb1 g1=Q 71. Rxg1
Kxg1 72. Kf3 Rf2+ 73. Ke3 Kg2 74. Ke4 Rf3 75. Kd4 Kg3 0-1

[Event "N�-LL 2009/10"]
[Site "?"]
[Date "2009.11.15"]
[Round "5"]
[White "Batyte, Daiva"]
[Black "Eberl, Hans-Christian"]
[Result "1/2-1/2"]
[WhiteElo "2128"]
[BlackElo "2096"]
[Annotator "Stockerau-B�hlerwerk"]
[PlyCount "29"]
[EventDate "2009.11.22"]
[SourceDate "2009.11.22"]

1. b3 e5 2. Bb2 Nc6 3. e3 Nf6 4. c4 Be7 5. Nc3 O-O 6. Nf3 Re8 7. a3 Bf8 8. d3
d5 9. cxd5 Nxd5 10. Qc2 Nxc3 11. Qxc3 Be6 12. b4 Qd7 13. Be2 Rad8 14. O-O f6
15. Rac1 1/2-1/2

[Event "N�-LL 2009/10"]
[Site "?"]
[Date "2009.12.13"]
[Round "6"]
[White "Schroll, Gerhard"]
[Black "Knoll, Hermann"]
[Result "1-0"]
[WhiteElo "2387"]
[BlackElo "2406"]
[Annotator "P�chlarn - Wr.Neustadt"]
[PlyCount "79"]
[EventDate "2009.??.??"]
[SourceDate "2009.10.04"]

1. d4 Nf6 2. Nf3 e6 3. Bg5 d6 4. Nc3 h6 5. Bh4 g5 6. Bg3 Nh5 7. e3 Bg7 8. Be2
Nd7 9. Nd2 Nxg3 10. hxg3 a6 11. Nb3 Qe7 12. Qd2 Nf6 13. g4 e5 14. f3 O-O 15. e4
c6 16. O-O-O d5 17. exd5 Nxd5 18. Nxd5 cxd5 19. dxe5 Qxe5 20. c3 Bd7 21. Bd3
Bb5 22. Bxb5 axb5 23. a3 Rfc8 24. Kb1 b4 25. axb4 d4 26. Qxd4 Qe6 27. Qd5 Qa6
28. Nc5 Qb5 29. Rhe1 Rc7 30. Re3 Rac8 31. Red3 b6 32. Ne4 Qa4 33. Qf5 Qa8 34.
Rd7 Rxd7 35. Rxd7 Rf8 36. Qd5 Qc8 37. Re7 Qa6 38. b5 Qa4 39. Rb7 Kh8 40. Rd7
1-0